Score 0/26 Timer 01:00
0 Plays Today
Hint Answer % Correct
????
100%
????
79.2%
????
77.2%
????
65%
????
38.1%
????
28.9%
????
27.4%
????
23.4%
????
23.4%
????
20.3%
????
11.2%
????
10.2%
????
9.6%
Hint Answer % Correct
????
9.1%
????
9.1%
????
8.6%
????
6.1%
????
6.1%
????
4.6%
????
4.6%
????
4.6%
????
4.1%
????
4.1%
????
4.1%
????
4.1%
????
4.1%

You're not logged in!

Compare scores with friends on all Sporcle quizzes.
OR
Log In

Sporcle TV

Today on Sporcle TV


Watch our educational content, quiz creation guides, and fun videos on Sporcle TV.

Show Comments

Extras

Created Oct 16, 2013ReportNominate
Tags:A-Z, Begins With, Words Ending

Top Quizzes Today


Score Distribution

Paid Content

Your Account Isn't Verified!

In order to create a playlist on Sporcle, you need to verify the email address you used during registration. Go to your Sporcle Settings to finish the process.

Report this User

Report this user for behavior that violates our Community Guidelines.

Details: